[Event "Olympiad Women-43"]
[Site "Batumi"]
[Date "2018.10.04"]
[Round "10.3"]
[White "Sachdev, Tania"]
[Black "Zarate Oyague, Flor de Maria"]
[Result "1-0"]
[WhiteElo "2400"]
[BlackElo "2039"]
[PlyCount "83"]
[EventDate "2018.09.24"]
[EventType "team-swiss"]
[EventRounds "11"]
[EventCountry "GEO"]
[SourceTitle "EXT 2020"]
[Source "ChessBase"]
[SourceDate "2019.10.17"]
[SourceVersion "1"]
[SourceVersionDate "2019.10.17"]
[SourceQuality "1"]
[WhiteTeam "India (W)"]
[BlackTeam "Peru (W)"]
[WhiteTeamCountry "IND"]
[BlackTeamCountry "PER"]

1. d4 d5 2. c4 c6 3. Nf3 Nf6 4. Nc3 e6 5. g3 Nbd7 6. Bg2 Be7 7. 0-0 0-0 8. b3 b6 9. Qd3 Bb7 10. Rd1 Rc8 11. Bb2 c5 12. cxd5 exd5 13. dxc5 Bxc5 14. e3 Qe7 15. Nh4 Ne5 16. Qf5 Ng6 17. Nxg6 hxg6 18. Qg5 Rcd8 19. Nb5 a6 20. Nd4 Ba3 21. Rab1 Bxb2 22. Rxb2 Rfe8 23. Bh3 Qd6 24. Qf4 Qxf4 25. gxf4 Ne4 26. Rc2 f5 27. Rc7 Nc5 28. Bg2 Rd7 29. Rxd7 Nxd7 30. Rc1 Nc5 31. b4 Ne4 32. Rc7 Bc8 33. Rc6 Kh7 34. Rxb6 Re7 35. Rc6 Bb7 36. Rc2 Nd6 37. Nc6 Bxc6 38. Rxc6 Ne4 39. Rxa6 Rc7 40. Bxe4 Rc1+ 41. Kg2 dxe4 42. a4 1-0

[Event "Guillermo Garcia Memorial op 27th"]
[Site "Santa Clara"]
[Date "2018.05.25"]
[Round "4"]
[White "Zarate Oyague, Flor de Maria"]
[Black "Barrera Hincapie, Felipe"]
[Result "1-0"]
[WhiteElo "2029"]
[BlackElo "1898"]
[PlyCount "139"]
[EventDate "2018.05.22"]
[EventType "swiss"]
[EventRounds "9"]
[EventCountry "CUB"]
[SourceTitle "CBM 184 Extra"]
[Source "ChessBase"]
[SourceDate "2018.06.28"]
[SourceVersion "1"]
[SourceVersionDate "2018.06.28"]
[SourceQuality "1"]

1. d4 d5 2. c4 dxc4 3. Nf3 Nf6 4. e3 e6 5. Bxc4 c5 6. 0-0 Nc6 7. Qe2 a6 8. Rd1 b5 9. dxc5 Qc7 10. Bd3 Nb4 11. a3 Nxd3 12. Qxd3 Bxc5 13. b4 Be7 14. Bb2 0-0 15. Nbd2 Rd8 16. Qe2 Qc2 17. Bd4 Bb7 18. Rac1 Qf5 19. Rc7 Bxf3 20. Qxf3 Qxf3 21. Nxf3 Bd6 22. Rc6 Ne4 23. Rdc1 f6 24. Bb6 Rd7 25. Nd4 Kf7 26. Nb3 Be5 27. Bd4 Bxd4 28. exd4 Rd5 29. Rb6 e5 30. dxe5 Rxe5 31. f3 Ng5 32. Rc7+ Kg6 33. f4 Re3 34. Nd4 Rd8 35. Rxg7+ Kxg7 36. Nf5+ Kg6 37. Nxe3 Ne4 38. Re6 Nc3 39. f5+ Kg5 40. g3 Rd3 41. h4+ Kh5 42. Kf2 Rd6 43. Kf3 Rxe6 44. g4+ Kh6 45. fxe6 Kg7 46. Kf4 Kf8 47. Kf5 Ke7 48. g5 fxg5 49. hxg5 Kd6 50. Ng4 Nd5 51. Nf6 Ne7+ 52. Ke4 Kxe6 53. Nxh7 Ng6 54. Kd4 Ne5 55. Nf8+ Kf5 56. g6 Kf6 57. Nh7+ Ke6 58. Nf8+ Kf6 59. Nh7+ Ke6 60. g7 Nc6+ 61. Kc5 Ne7 62. Nf8+ Kf7 63. Nd7 Nf5 64. Nb8 Ne3 65. Nxa6 Nc2 66. Nc7 Nxa3 67. Nxb5 Nc2 68. Nd6+ Kxg7 69. b5 Na1 70. Nf5+ 1-0

[Event "Pan American-ch (Women)"]
[Site "Manzanillo"]
[Date "2016.11.11"]
[Round "8"]
[White "Zarate Oyague, Flor de Maria"]
[Black "Nejanky, Maisa"]
[Result "1/2-1/2"]
[WhiteElo "1945"]
[BlackElo "2073"]
[PlyCount "80"]
[EventDate "2016.11.06"]
[EventType "swiss"]
[EventRounds "9"]
[EventCountry "MEX"]
[SourceTitle "EXT 2024"]
[Source "ChessBase"]
[SourceDate "2023.10.10"]
[SourceVersion "1"]
[SourceVersionDate "2023.10.10"]
[SourceQuality "1"]

1. d4 Nf6 2. c4 e6 3. Nc3 Bb4 4. g3 0-0 5. Bg2 d5 6. Nf3 Ne4 7. Qb3 Bxc3+ 8. bxc3 b6 9. 0-0 Ba6 10. cxd5 exd5 11. Ne5 Nf6 12. Ba3 Re8 13. Rfe1 c6 14. e4 Bb7 15. Rad1 Na6 16. Bc1 h6 17. Bf4 Nc7 18. a4 Ne6 19. exd5 cxd5 20. Bd2 Re7 21. Qb5 Rc8 22. Qd3 Ne4 23. Bh3 Qe8 24. f3 Nd6 25. f4 Ne4 26. f5 N6c5 27. dxc5 Rxe5 28. f6 Rxc5 29. fxg7 Qxa4 30. Ra1 Qe8 31. Rxa7 Nxd2 32. Rxe5 Qxe5 33. Qxd2 Rc7 34. Qxh6 Qxg7 35. Qxb6 f5 36. Bxf5 Qxc3 37. Rxb7 Rxb7 38. Qxb7 Qe1+ 39. Kg2 Qe2+ 40. Kh3 Qh5+ 1/2-1/2

[Event "Pan American-ch (Women)"]
[Site "Manzanillo"]
[Date "2016.11.10"]
[Round "7"]
[White "Zarate Oyague, Flor de Maria"]
[Black "Eswaran, Ashritha"]
[Result "1/2-1/2"]
[WhiteElo "1945"]
[BlackElo "2134"]
[PlyCount "111"]
[EventDate "2016.11.06"]
[EventType "swiss"]
[EventRounds "9"]
[EventCountry "MEX"]
[SourceTitle "EXT 2024"]
[Source "ChessBase"]
[SourceDate "2023.10.10"]
[SourceVersion "1"]
[SourceVersionDate "2023.10.10"]
[SourceQuality "1"]

1. d4 Nf6 2. c4 e6 3. Nc3 Bb4 4. g3 0-0 5. Bg2 d5 6. Nf3 c6 7. 0-0 Nbd7 8. Qd3 Qe7 9. Rd1 b6 10. cxd5 exd5 11. Nh4 Qe6 12. e4 dxe4 13. Nxe4 Nxe4 14. Qxe4 Qxe4 15. Bxe4 Bb7 16. a3 Be7 17. Nf5 Rfe8 18. Nxe7+ Rxe7 19. Bf3 Nf6 20. Bg5 Re6 21. Re1 Rae8 22. Rxe6 Rxe6 23. Rc1 Kf8 24. Bd2 Ke8 25. Re1 Rxe1+ 26. Bxe1 Kd7 27. Bd2 Ba6 28. Bb4 Bc4 29. Bf8 g6 30. Bg7 Bd5 31. Bxf6 Bxf3 32. Be5 Ke6 33. Bb8 a6 34. Ba7 b5 35. Kf1 Kd5 36. Ke1 Ke4 37. Kd2 a5 38. Bc5 a4 39. Bb6 Bg4 40. h4 Be6 41. Bc5 Bc4 42. Bb6 f6 43. Bd8 f5 44. Bf6 f4 45. gxf4 Kxf4 46. Bg5+ Ke4 47. Be3 Kf3 48. Ke1 Kg4 49. Bg5 Kh5 50. Kd2 h6 51. Be7 Kg4 52. Ke3 g5 53. hxg5 hxg5 54. f3+ Kf5 55. Bd8 Bb3 56. Be7 1/2-1/2

[Event "Pan American-ch (Women)"]
[Site "Manzanillo"]
[Date "2016.11.08"]
[Round "4"]
[White "Zarate Oyague, Flor de Maria"]
[Black "Heredia Serrano, Carla Sofia"]
[Result "1-0"]
[WhiteElo "1945"]
[BlackElo "2103"]
[PlyCount "69"]
[EventDate "2016.11.06"]
[EventType "swiss"]
[EventRounds "9"]
[EventCountry "MEX"]
[SourceTitle "EXT 2024"]
[Source "ChessBase"]
[SourceDate "2023.10.10"]
[SourceVersion "1"]
[SourceVersionDate "2023.10.10"]
[SourceQuality "1"]

1. d4 d5 2. Nf3 Nf6 3. c4 c6 4. Nc3 dxc4 5. e4 b5 6. e5 Nd5 7. a4 b4 8. Ne4 Bf5 9. Ng3 e6 10. Nxf5 exf5 11. Bxc4 Be7 12. Qc2 0-0 13. Qxf5 Nd7 14. 0-0 Re8 15. e6 fxe6 16. Qxe6+ Kh8 17. Qxc6 N7b6 18. Ne5 Rf8 19. Bb3 a5 20. Qe6 Qd6 21. Nf7+ Rxf7 22. Qxf7 Rf8 23. Qh5 Bf6 24. Be3 Nf4 25. Bxf4 Qxf4 26. Bc2 Qh6 27. Qxh6 gxh6 28. Rad1 Rd8 29. Rfe1 Bxd4 30. Re4 Rc8 31. Rexd4 Rxc2 32. b3 Kg7 33. g3 Rc5 34. Rd6 Nc8 35. Ra6 1-0

[Event "Pan American-ch (Women)"]
[Site "Manzanillo"]
[Date "2016.11.07"]
[Round "3"]
[White "Nemcova, Katerina"]
[Black "Zarate Oyague, Flor de Maria"]
[Result "1/2-1/2"]
[WhiteElo "2379"]
[BlackElo "1945"]
[PlyCount "133"]
[EventDate "2016.11.06"]
[EventType "swiss"]
[EventRounds "9"]
[EventCountry "MEX"]
[SourceTitle "EXT 2024"]
[Source "ChessBase"]
[SourceDate "2023.10.10"]
[SourceVersion "1"]
[SourceVersionDate "2023.10.10"]
[SourceQuality "1"]

1. e4 c5 2. Nf3 d6 3. Bb5+ Nd7 4. d4 e6 5. c4 a6 6. Ba4 cxd4 7. Qxd4 Qc7 8. Nc3 Ngf6 9. 0-0 Be7 10. Bg5 0-0 11. Bxd7 Bxd7 12. Rfd1 Bc6 13. Rac1 Qa5 14. Qd2 h6 15. Bxf6 Bxf6 16. Nd4 Qh5 17. Qe3 Rad8 18. Nce2 Qe5 19. Nxc6 bxc6 20. b3 d5 21. exd5 Qxe3 22. fxe3 Bg5 23. Kf2 exd5 24. cxd5 cxd5 25. Rc3 Rfe8 26. g3 Re4 27. h4 Bf6 28. Rcd3 Rde8 29. Nc3 Bxc3 30. Rxc3 R4e5 31. Rdd3 g6 32. Rc5 Rd8 33. a4 Rb8 34. Ra5 Rb6 35. Raxd5 Rxd5 36. Rxd5 Rxb3 37. Rd6 Ra3 38. Rxa6 Kg7 39. Kf3 Ra1 40. a5 Rf1+ 41. Ke4 Rg1 42. Kf3 Rf1+ 43. Ke2 Rg1 44. Kf2 Ra1 45. e4 Ra3 46. Ra8 Kf6 47. a6 Ke5 48. a7 Kf6 49. g4 Kg7 50. Ke2 Kf6 51. Kd2 Kg7 52. Kc2 Kh7 53. Kb2 Ra6 54. Kc3 Kg7 55. Kc4 Ra5 56. Kb4 Ra1 57. Kb5 Rb1+ 58. Kc6 Rc1+ 59. Kd7 Rd1+ 60. Ke7 Ra1 61. h5 gxh5 62. gxh5 Ra2 63. e5 Ra1 64. e6 fxe6 65. Kxe6 Re1+ 66. Kf5 Rf1+ 67. Ke4 1/2-1/2

[Event "Pan American-ch (Women)"]
[Site "Manzanillo"]
[Date "2016.11.07"]
[Round "2"]
[White "Zarate Oyague, Flor de Maria"]
[Black "Amura, Claudia Noemi"]
[Result "1/2-1/2"]
[WhiteElo "1945"]
[BlackElo "2271"]
[PlyCount "80"]
[EventDate "2016.11.06"]
[EventType "swiss"]
[EventRounds "9"]
[EventCountry "MEX"]
[SourceTitle "EXT 2024"]
[Source "ChessBase"]
[SourceDate "2023.10.10"]
[SourceVersion "1"]
[SourceVersionDate "2023.10.10"]
[SourceQuality "1"]

1. d4 d5 2. c4 e6 3. Nc3 c5 4. cxd5 exd5 5. Nf3 Nc6 6. g3 c4 7. Bg2 Bb4 8. 0-0 Nge7 9. e4 0-0 10. Qe2 Be6 11. Rd1 h6 12. a3 Ba5 13. exd5 Nxd5 14. Ne4 b5 15. Ne5 Rc8 16. a4 a6 17. axb5 axb5 18. g4 Bb6 19. Nxc6 Rxc6 20. g5 Bf5 21. gxh6 Rg6 22. h7+ Kh8 23. Ng3 Bg4 24. f3 Be6 25. Kh1 Re8 26. Ne4 Bc7 27. Qf2 Nf4 28. Bxf4 Bxf4 29. d5 Bf5 30. Ra7 Rh6 31. Kg1 Bxh2+ 32. Kf1 Bc7 33. Ng5 Bg6 34. Rb7 Qc8 35. Qa7 Bg3 36. Nxf7+ Bxf7 37. Rxf7 Qd8 38. Rxg7 Be5 39. Rg4 Rxh7 40. Qa6 Qb8 1/2-1/2

[Event "Piura op 10th"]
[Site "Piura"]
[Date "2016.10.15"]
[Round "5"]
[White "Zarate Oyague, Flor de Maria"]
[Black "Grados, Luis"]
[Result "1/2-1/2"]
[WhiteElo "1945"]
[BlackElo "2164"]
[PlyCount "59"]
[EventDate "2016.10.14"]
[EventType "swiss"]
[EventRounds "7"]
[EventCountry "PER"]
[SourceTitle "EXT 2018"]
[Source "ChessBase"]
[SourceDate "2017.10.13"]
[SourceVersion "1"]
[SourceVersionDate "2017.10.13"]
[SourceQuality "1"]

1. d4 Nf6 2. c4 g6 3. Nc3 Bg7 4. e4 d6 5. Bg5 c6 6. h3 Qa5 7. Qd2 a6 8. Nf3 b5 9. Bd3 Nbd7 10. 0-0 b4 11. Ne2 e5 12. c5 0-0 13. cxd6 exd4 14. Nexd4 Qb6 15. Rfe1 c5 16. Nb3 h6 17. Bxh6 Bxh6 18. Qxh6 Qxd6 19. Bc4 Ne5 20. Nxe5 Qxe5 21. Qxg6+ Kh8 22. Bxf7 Ra7 23. Qh6+ Nh7 24. Bd5 Qxb2 25. Qe3 Rg7 26. Nxc5 Ng5 27. Rab1 Qxf2+ 28. Qxf2 Nxh3+ 29. Kh1 Nxf2+ 30. Kh2 1/2-1/2

[Event "American Continental (Women) 09th"]
[Site "Lima"]
[Date "2016.02.27"]
[Round "8"]
[White "Zarate Oyague, Flor de Maria"]
[Black "Solis Chimoy, Blanca de Lourdes"]
[Result "1-0"]
[WhiteElo "1924"]
[BlackElo "1869"]
[PlyCount "67"]
[EventDate "2016.02.20"]
[EventType "swiss"]
[EventRounds "9"]
[EventCountry "PER"]
[SourceTitle "CBM 171 Extra"]
[Source "ChessBase"]
[SourceDate "2016.04.26"]
[SourceVersion "1"]
[SourceVersionDate "2016.04.26"]
[SourceQuality "1"]

1. d4 g6 2. c4 Bg7 3. Nc3 d6 4. e4 Nc6 5. Be3 e5 6. d5 Nce7 7. g4 f5 8. gxf5 gxf5 9. Bh3 f4 10. Bd2 Nf6 11. Bxc8 Qxc8 12. Nf3 Bh6 13. Qe2 Qd7 14. c5 0-0 15. 0-0-0 Kh8 16. Kb1 Rfe8 17. Rc1 c6 18. cxd6 Qxd6 19. Rhd1 Qb8 20. Qc4 b5 21. Qe2 b4 22. Na4 cxd5 23. Nc5 dxe4 24. Nxe4 Ned5 25. Rc6 Bg7 26. Rdc1 a5 27. Nd6 Re6 28. Nf7+ Kg8 29. Rxe6 Kxf7 30. Nxe5+ Kxe6 31. Nc6+ Kd6 32. Bxf4+ Nxf4 33. Qe5+ Kd7 34. Qe7+ 1-0

[Event "PER-ch (Women)"]
[Site "Lima"]
[Date "2016.02.13"]
[Round "8"]
[White "Garcia Contreras, Ana Claudia De"]
[Black "Zarate Oyague, Flor de Maria"]
[Result "0-1"]
[WhiteElo "1759"]
[BlackElo "1924"]
[PlyCount "96"]
[EventDate "2016.02.10"]
[EventType "swiss"]
[EventRounds "9"]
[EventCountry "PER"]
[SourceTitle "EXT 2017"]
[Source "ChessBase"]
[SourceDate "2016.10.25"]
[SourceVersion "1"]
[SourceVersionDate "2016.10.25"]
[SourceQuality "1"]

1. e4 c5 2. Nf3 d6 3. d4 cxd4 4. Nxd4 Nf6 5. Nc3 a6 6. h3 e5 7. Nde2 Be6 8. g4 d5 9. exd5 Nxd5 10. Bg2 Bb4 11. 0-0 Nxc3 12. Qxd8+ Kxd8 13. Nxc3 Bxc3 14. bxc3 Nc6 15. Rd1+ Kc7 16. f4 Rhd8 17. Re1 Bd5 18. fxe5 Bxg2 19. Kxg2 Re8 20. Bf4 Re6 21. Re4 Rd8 22. c4 Nb4 23. c3 Nd3 24. Bg3 Kc8 25. Kf3 Rde8 26. Rd1 Nxe5+ 27. Bxe5 Rxe5 28. Rde1 Rxe4 29. Rxe4 Rxe4 30. Kxe4 f6 31. Kd4 Kd7 32. Kd5 g6 33. c5 Ke7 34. a3 a5 35. a4 Kd7 36. c4 h6 37. h4 h5 38. gxh5 gxh5 39. Ke4 Kc6 40. Kf5 Kxc5 41. Kxf6 Kxc4 42. Kg5 b5 43. axb5 Kxb5 44. Kxh5 a4 45. Kg6 a3 46. h5 a2 47. h6 a1Q 48. Kh7 Qf6 0-1

[Event "PER-ch (Women)"]
[Site "Lima"]
[Date "2016.02.12"]
[Round "4"]
[White "Dongo, Melanie Dayanna"]
[Black "Zarate Oyague, Flor de Maria"]
[Result "1/2-1/2"]
[WhiteElo "1741"]
[BlackElo "1924"]
[PlyCount "166"]
[EventDate "2016.02.10"]
[EventType "swiss"]
[EventRounds "9"]
[EventCountry "PER"]
[SourceTitle "EXT 2017"]
[Source "ChessBase"]
[SourceDate "2016.10.25"]
[SourceVersion "1"]
[SourceVersionDate "2016.10.25"]
[SourceQuality "1"]

1. e4 c5 2. Nf3 d6 3. d4 cxd4 4. Nxd4 Nf6 5. Nc3 a6 6. Be3 e5 7. Nb3 Be6 8. f3 h5 9. Qd2 Nbd7 10. 0-0-0 b5 11. Kb1 Be7 12. h4 Rc8 13. Qf2 Bc4 14. g3 Qc7 15. Bh3 a5 16. Bxd7+ Nxd7 17. Nd5 Bxd5 18. Rxd5 a4 19. Nc1 Qc6 20. Rhd1 0-0 21. Bg5 f6 22. Be3 f5 23. Qe2 fxe4 24. f4 exf4 25. Bxf4 Nf6 26. Rxb5 d5 27. Be5 Rfd8 28. a3 Ng4 29. Bf4 Bc5 30. Na2 d4 31. Qc4+ Kh8 32. Nb4 Bxb4 33. Rxh5+ Nh6 34. Qxc6 Rxc6 35. axb4 Kg8 36. b5 Rc4 37. Bxh6 gxh6 38. Rxh6 Rb4 39. Rf1 Rxb5 40. Rg6+ Kh7 41. Re6 d3 42. Rxe4 dxc2+ 43. Kxc2 Rc8+ 44. Kb1 Rcb8 45. Rf2 a3 46. b4 Rxb4+ 47. Rxb4 Rxb4+ 48. Ka2 Re4 49. Rf3 Kg6 50. Kxa3 Kh5 51. Rf5+ Kh6 52. Rg5 Kh7 53. Kb3 Kh6 54. Kc3 Ra4 55. Kd3 Kh7 56. Ke3 Kh6 57. Kf3 Ra3+ 58. Kg4 Ra4+ 59. Kh3 Rb4 60. Rf5 Ra4 61. h5 Rb4 62. g4 Ra4 63. Kh4 Ra6 64. Rf7 Ra4 65. Rf6+ Kg7 66. Rd6 Rb4 67. h6+ Kh7 68. Kh5 Rb1 69. Rd7+ Kg8 70. g5 Rb5 71. Rd6 Ra5 72. Kg6 Ra8 73. h7+ Kh8 74. Re6 Rf8 75. Rb6 Rc8 76. Re6 Ra8 77. Kf7 Ra7+ 78. Re7 Ra8 79. Re8+ Rxe8 80. Kxe8 Kxh7 81. Kf7 Kh8 82. Kf6 Kh7 83. g6+ Kh8 1/2-1/2

[Event "PER-ch (Women)"]
[Site "Lima"]
[Date "2016.02.12"]
[Round "5"]
[White "Zarate Oyague, Flor de Maria"]
[Black "Caballero Quijano, Mitzy Mishell"]
[Result "1-0"]
[WhiteElo "1924"]
[BlackElo "1909"]
[PlyCount "69"]
[EventDate "2016.02.10"]
[EventType "swiss"]
[EventRounds "9"]
[EventCountry "PER"]
[SourceTitle "EXT 2017"]
[Source "ChessBase"]
[SourceDate "2016.10.25"]
[SourceVersion "1"]
[SourceVersionDate "2016.10.25"]
[SourceQuality "1"]

1. d4 d6 2. c4 e5 3. Nf3 e4 4. Ng5 f5 5. Nc3 c6 6. d5 Be7 7. Nh3 Nf6 8. g3 0-0 9. Bg2 Na6 10. 0-0 Nc7 11. a4 cxd5 12. cxd5 Rb8 13. Be3 b6 14. f3 Bb7 15. fxe4 fxe4 16. Nf4 g5 17. Ne6 Nxe6 18. dxe6 h6 19. Bd4 d5 20. e3 Qd6 21. Bh3 a6 22. Bxf6 Rxf6 23. Rxf6 Bxf6 24. Nxe4 Qe5 25. Nxf6+ Qxf6 26. Qd3 g4 27. Bxg4 Rf8 28. Rf1 Qxf1+ 29. Qxf1 Rxf1+ 30. Kxf1 Kf8 31. Ke2 Ke7 32. Kd3 Bc6 33. b3 Kd6 34. Kd4 Be8 35. Bf5 1-0

[Event "PER-ch (Women)"]
[Site "Lima"]
[Date "2015.05.02"]
[Round "6"]
[White "Zarate Oyague, Flor de Maria"]
[Black "Rodriguez, Sofia"]
[Result "1-0"]
[WhiteElo "1926"]
[BlackElo "1788"]
[PlyCount "88"]
[EventDate "2015.04.30"]
[EventType "swiss"]
[EventRounds "8"]
[EventCountry "PER"]
[SourceTitle "CBM 166 Extra"]
[Source "ChessBase"]
[SourceDate "2015.06.18"]
[SourceVersion "1"]
[SourceVersionDate "2015.06.18"]
[SourceQuality "1"]

1. d4 d5 2. c4 dxc4 3. Nf3 Nf6 4. e3 e6 5. Bxc4 c5 6. 0-0 a6 7. Bb3 b5 8. a4 c4 9. Bc2 Bb7 10. Qe2 Be7 11. b3 Qc7 12. bxc4 bxc4 13. Ne5 c3 14. Ba3 Nc6 15. Bxe7 Nxe7 16. Ra3 Ned5 17. e4 Nb4 18. Rxc3 Qd6 19. Nc4 Qxd4 20. e5 Nfd5 21. Nd6+ Ke7 22. Rc4 Nf4 23. Qg4 Qxe5 24. Nxb7 Ne2+ 25. Kh1 h5 26. Qe4 Qxe4 27. Bxe4 Nd5 28. Re1 Rac8 29. Bxd5 exd5 30. Rxe2+ Kd7 31. Rxc8 Rxc8 32. Re1 Rc4 33. Nd2 Rc2 34. Nb3 Rxf2 35. N7c5+ Kc6 36. Nxa6 Rb2 37. Nac5 d4 38. Rd1 d3 39. h3 d2 40. a5 Kd5 41. a6 Ra2 42. Rxd2+ Rxd2 43. Nxd2 Kxc5 44. a7 Kd5 1-0

[Event "Chiclayo Raffo Niquen IRT 1st"]
[Site "Chiclayo"]
[Date "2012.09.02"]
[Round "5"]
[White "Meono, Grover"]
[Black "Zarate Oyague, Flor de Maria"]
[Result "1/2-1/2"]
[WhiteElo "1930"]
[BlackElo "1886"]
[PlyCount "77"]
[EventDate "2012.09.01"]
[EventType "swiss"]
[EventRounds "7"]
[EventCountry "PER"]
[SourceTitle "EXT 2013"]
[Source "ChessBase"]
[SourceDate "2012.11.22"]
[SourceVersion "1"]
[SourceVersionDate "2012.11.22"]
[SourceQuality "1"]

1. d4 Nf6 2. c4 g6 3. Nc3 Bg7 4. e4 d6 5. Be2 0-0 6. Nf3 Na6 7. 0-0 e5 8. d5 Nc5 9. Nd2 a5 10. b3 Nfd7 11. Rb1 Bh6 12. Nf3 Bxc1 13. Rxc1 f5 14. Qc2 Nf6 15. Nd2 fxe4 16. Ncxe4 Nfxe4 17. Nxe4 Nxe4 18. Qxe4 Rf4 19. Qe3 b6 20. g3 Rf7 21. f4 exf4 22. Rxf4 Rxf4 23. Qxf4 Qe7 24. Bf1 Bd7 25. Bg2 Re8 26. h4 Bg4 27. Rc2 Qe3+ 28. Qxe3 Rxe3 29. Kf2 Re5 30. a3 Bd1 31. Rb2 a4 32. bxa4 Bxa4 33. Re2 Rxe2+ 34. Kxe2 Bd7 35. Ke3 Kf7 36. Kf4 Ba4 37. g4 Bb3 38. Bf1 h6 39. Bd3 1/2-1/2